<?xml version="1.0" encoding="UTF-8"?><?xml-stylesheet type="text/xsl" href="static/style.xsl"?><OAI-PMH xmlns="http://www.openarchives.org/OAI/2.0/" xmlns:xsi="http://www.w3.org/2001/XMLSchema-instance" xsi:schemaLocation="http://www.openarchives.org/OAI/2.0/ http://www.openarchives.org/OAI/2.0/OAI-PMH.xsd"><responseDate>2026-04-18T02:28:36Z</responseDate><request verb="GetRecord" identifier="oai:riubu.ubu.es:10259/10447" metadataPrefix="marc">https://riubu.ubu.es/oai/request</request><GetRecord><record><header><identifier>oai:riubu.ubu.es:10259/10447</identifier><datestamp>2025-05-10T00:05:09Z</datestamp><setSpec>com_10259_9737</setSpec><setSpec>com_10259_5086</setSpec><setSpec>com_10259_2604</setSpec><setSpec>col_10259_10448</setSpec></header><metadata><record xmlns="http://www.loc.gov/MARC21/slim" xmlns:doc="http://www.lyncode.com/xoai" xmlns:xsi="http://www.w3.org/2001/XMLSchema-instance" xmlns:dcterms="http://purl.org/dc/terms/" xsi:schemaLocation="http://www.loc.gov/MARC21/slim http://www.loc.gov/standards/marcxml/schema/MARC21slim.xsd">
<leader>00925njm 22002777a 4500</leader>
<datafield tag="042" ind1=" " ind2=" ">
<subfield code="a">dc</subfield>
</datafield>
<datafield tag="720" ind1=" " ind2=" ">
<subfield code="a">Rodríguez Gómez, Guillermo</subfield>
<subfield code="e">author</subfield>
</datafield>
<datafield tag="720" ind1=" " ind2=" ">
<subfield code="a">Mateos, Ana</subfield>
<subfield code="e">author</subfield>
</datafield>
<datafield tag="720" ind1=" " ind2=" ">
<subfield code="a">Martín González, Jesús Ángel</subfield>
<subfield code="e">author</subfield>
</datafield>
<datafield tag="720" ind1=" " ind2=" ">
<subfield code="a">Blasco, Ruth</subfield>
<subfield code="e">author</subfield>
</datafield>
<datafield tag="720" ind1=" " ind2=" ">
<subfield code="a">Rosell, Jordi</subfield>
<subfield code="e">author</subfield>
</datafield>
<datafield tag="720" ind1=" " ind2=" ">
<subfield code="a">Rodríguez, Jesús</subfield>
<subfield code="e">author</subfield>
</datafield>
<datafield tag="260" ind1=" " ind2=" ">
<subfield code="c">2014-07</subfield>
</datafield>
<datafield tag="520" ind1=" " ind2=" ">
<subfield code="a">Increasing evidence suggests that the European human settlement is older than 1.2 Ma. However, there is a fierce debate about the continuity or discontinuity of the early human settlement of Europe. In particular, evidence of human presence in the interval 0.7−0.5 Ma is scarce in comparison with evidence for the previous and later periods. Here, we present a case study in which the environmental conditions at Sierra de Atapuerca in the early Middle Pleistocene, a period without evidence of human presence, are compared with the conditions in the previous period, for which a relatively intense human occupation is documented. With this objective in mind, the available resources for a human population and the intensity of competition between secondary consumers during the two periods are compared using a mathematical model. The Gran Dolina site TD8 level, dated to 0.7−0.6 Ma, is taken as representative of the period during which Atapuerca was apparently not occupied by humans. Conditions at TD8 are compared with those of the previous period, represented by the TD6-2 level, which has yielded abundant evidence of intense human occupation. The results show that survival opportunities for a hypothetical human population were lower at TD8 than they were at TD6-2. Increased resource competition between secondary consumers arises as a possible explanation for the absence of human occupation at Atapuerca in the early Middle Pleistocene.</subfield>
</datafield>
<datafield tag="024" ind2=" " ind1="8">
<subfield code="a">http://hdl.handle.net/10259/10447</subfield>
</datafield>
<datafield tag="024" ind2=" " ind1="8">
<subfield code="a">10.1371/journal.pone.0101938</subfield>
</datafield>
<datafield tag="024" ind2=" " ind1="8">
<subfield code="a">1932-6203</subfield>
</datafield>
<datafield tag="245" ind1="0" ind2="0">
<subfield code="a">Discontinuity of Human Presence at Atapuerca during the Early Middle Pleistocene: A Matter of Ecological Competition?</subfield>
</datafield>
</record></metadata></record></GetRecord></OAI-PMH>